000 00718nam a2200193 i 4500
001 125013
003 ES-MaACL
005 20230906192533.0
007 t|
008 070426s1942 sp ||||1| spa d
100 1 _aDantín Gallego, Juan.
_942667
245 1 3 _aLa nueva organización oficial del seguro de silicosis
_b: (comentarios médicos) /
_cpor Juan Dantín Gallego.
260 _aMadrid :
_b[s.n.],
_c1942 (
_fSobrinos Sucesores de Minuesa de los Ríos)
300 _a16 p. de il. ;
_c22 cm.
490 1 _aPublicaciones del Instituto Nacional de Previsión ;
_v543
830 0 _aPublicaciones del Instituto Nacional de Previsión ;
_v543
_9181151
852 _aES-MaACL
_jC-12643(8)
999 _c125013
_d125013